Blindtest paroles - PNL - Statistiques

Statistiques générales
  • Ce quiz a été pris 1 903 fois
  • Le résultat moyen est 4 sur 10
Statistiques - réponses
Paroles Chanson % Correct
Ce soir, j'fume un gros, gros teh Tempête
64%
Il pleut des balles à la météo Onizuka
57%
J'ai quelques projets qui naissent tous fécondés par la haine Mexico
50%
J'vois mon âme qui chavire en bord de mer Zoulou Tchaing
47%
J'ai pas le temps de te mentir, QLF abonné Jusqu'au dernier gramme
45%
J'ai envie d'être vide, ne plus avoir d'âme, redevenir la bête Autre monde
43%
Pas mélangé, coeur d'étranger, rien n'a changé Au DD
34%
Y'a que quand tu descends en enfer qu'tu veux m'renvoyer l'ascenseur Je vis, je visser
30%
Elle aime personne sauf ses enfants Humain
29%
P'tit coup de balais devant les bouches de l'enfer Le M
16%
Aucun quiz correspondant
Distribution des résultats
% des personnes avec chaque résultat
Percentile par nombre de réponses
Votre historique - résultats
Vous n’avez pas pris ce quiz